Többre menni kevés gyerekkel is csupán rajtunk múlik, hogy magyar iskolában indulnak-e el ...

Bibliographic Details
Main Author: Szigeti, László, 1957-2022 (Author)
Format: Article
Language:Hungarian
Subjects:

MARC

LEADER 00000nab a2200000 a 4500
001 vtls008156343
003 SK-MaSNL
005 20260318132731.0
008 160405c20050324xo |||||| | 000 b|hun
015 |a SNBRB2005/05  |2 snkbucl 
038 |a SNKBUCL 
040 |a DSZK  |b slo  |c DSZK  |e AACR2 
041 0 |a hun 
044 |a xo  |c SK 
080 |a 371.212.1:373.3(=511.141)(437.6)  |2 1997 
080 |a 373.3  |x (=511.141)  |x (437.6)  |2 1997 
080 |a 316.022.4(=511.141)(437.6):371  |2 1997 
100 1 |a Szigeti, László,  |d 1957-2022  |4 aut  |9 218498 
245 1 0 |a Többre menni kevés gyerekkel is  |b csupán rajtunk múlik, hogy magyar iskolában indulnak-e el ...  |c Szigeti László 
650 0 7 |a základné školy s vyučovacím jazykom maďarským  |2 SNKPH  |9 87207 
650 0 7 |a školské zápisy  |2 SNK  |9 1223561 
650 0 7 |a Maďari  |2 SNKPH  |9 18097 
655 7 |a úvahy  |2 SNKPH  |9 29403 
773 0 |t Új szó  |g Évf. 58, sz. 69 (24.3.2005), o. 7 
852 |a SNK  |b KIS3GCP 
852 |a DSZK  |b KIS3GCP 
958 |a SK 
958 |a HU 
999 |c 2149092  |d 2151022